[Event "Charlotte CCCSA Fall IM"]
[Site "Charlotte"]
[Date "2019.12.01"]
[Round "8"]
[White "Shen, Christopher Y"]
[Black "Tsay, Vincent"]
[Result "1-0"]
[WhiteElo "2306"]
[BlackElo "2300"]
[PlyCount "165"]
[EventDate "2019.11.27"]
[EventType "tourn"]
[EventRounds "9"]
[EventCountry "USA"]
[EventCategory "4"]
[SourceTitle "CBM 193 Extra"]
[Source "ChessBase"]
[SourceDate "2020.01.31"]
[SourceVersion "1"]
[SourceVersionDate "2020.01.31"]
[SourceQuality "1"]

1. d4 d5 2. c4 e6 3. Nc3 c6 4. e3 Nf6 5. Nf3 Nbd7 6. Qc2 Bd6 7. g4 Nxg4 8. Rg1 Qf6 9. Rxg4 Qxf3 10. Rxg7 Nf6 11. Rg5 Ng4 12. h3 Nh2 13. Bg2 Qf6 14. f4 Qh6 15. Qf2 Bd7 16. Bd2 Be7 17. Qg3 0-0-0 18. Qxh2 Bxg5 19. fxg5 Qh4+ 20. Ke2 Qxg5 21. Rc1 Rhg8 22. Bf3 Be8 23. cxd5 exd5 24. Nb5 Qg3 25. Qxg3 Rxg3 26. Nc3 Bd7 27. Nxd5 Bxh3 28. Nf4 Bg4 29. Bxg4+ Rxg4 30. Rh1 Rg7 31. Bc3 Re8 32. d5 Rg3 33. Bd4 cxd5 34. Rxh7 Rg4 35. Rxf7 Kb8 36. Kd3 Rg5 37. Rd7 Kc8 38. Rxd5 Rxd5 39. Nxd5 b6 40. e4 Kb7 41. e5 Kc6 42. Nf6 Rh8 43. Bc3 Rh4 44. a3 a5 45. Ne4 Kd5 46. Nd6 Rh3+ 47. Kd2 Rg3 48. Nf5 Rh3 49. Ne7+ Ke6 50. Nc8 b5 51. Bxa5 Kxe5 52. Na7 Kd5 53. Nxb5 Kc4 54. Nd6+ Kb3 55. Bc3 Rh7 56. Ne4 Rh3 57. Nc5+ Kc4 58. Bb4 Rh2+ 59. Kc1 Rh1+ 60. Kc2 Rh2+ 61. Kb1 Rh1+ 62. Ka2 Rh2 63. Ne4 Rh3 64. Nd2+ Kb5 65. Bc3 Ka4 66. b3+ Kb5 67. a4+ Ka6 68. Kb2 Rg3 69. b4 Rg4 70. Kb3 Rg3 71. Kc4 Rg8 72. b5+ Kb7 73. Nb3 Rg4+ 74. Bd4 Rg2 75. a5 Ka8 76. b6 Ra2 77. Kb5 Re2 78. a6 Re4 79. Bc5 Re6 80. Nd4 Rh6 81. Nc6 Rh7 82. Na5 Ra7 83. b7+ 1-0

[Event "Charlotte CCCSA Fall IM"]
[Site "Charlotte"]
[Date "2019.11.30"]
[Round "6"]
[White "Shen, Christopher Y"]
[Black "Martin Del Campo C, Roberto Abel"]
[Result "1/2-1/2"]
[WhiteElo "2306"]
[BlackElo "2314"]
[PlyCount "109"]
[EventDate "2019.11.27"]
[EventType "tourn"]
[EventRounds "9"]
[EventCountry "USA"]
[EventCategory "4"]
[SourceTitle "CBM 193 Extra"]
[Source "ChessBase"]
[SourceDate "2020.01.31"]
[SourceVersion "1"]
[SourceVersionDate "2020.01.31"]
[SourceQuality "1"]

1. c4 g6 2. g3 Bg7 3. Bg2 d6 4. Nc3 e5 5. d3 f5 6. e4 Nh6 7. Nge2 0-0 8. 0-0 Nc6 9. Nd5 Be6 10. Rb1 Qd7 11. Bg5 Kh8 12. Qd2 Ng8 13. b4 Nd8 14. exf5 gxf5 15. b5 c6 16. bxc6 bxc6 17. Ndc3 Nf7 18. Be3 Nf6 19. Rb4 Ng4 20. Rfb1 Nxe3 21. fxe3 Nd8 22. d4 a5 23. Ra4 Qa7 24. Kh1 Bd7 25. d5 cxd5 26. Nb5 Qc5 27. Qxd5 Bc6 28. Qxc5 dxc5 29. Bxc6 Nxc6 30. Nc7 Rab8 31. Rb5 Rfd8 32. Nc3 e4 33. N3d5 Ne5 34. Raxa5 Nxc4 35. Rxb8 Rxb8 36. Rxc5 Nxe3 37. Nxe3 Bd4 38. Rb5 Rxb5 39. Nxb5 Bxe3 40. a4 Bb6 41. Kg2 Kg7 42. Nc3 Kf7 43. Nd5 Bd8 44. Nb4 Ke6 45. Kf2 Bb6+ 46. Ke2 Kd6 47. Nc2 Kd5 48. Ne3+ Bxe3 49. Kxe3 h5 50. h3 Kc4 51. g4 fxg4 52. hxg4 hxg4 53. Kxe4 Kb4 54. Kf4 Kxa4 55. Kxg4 1/2-1/2

[Event "Charlotte CCCSA Fall IM"]
[Site "Charlotte"]
[Date "2019.11.28"]
[Round "2"]
[White "Francisco, Richard"]
[Black "Shen, Christopher Y"]
[Result "0-1"]
[WhiteElo "2281"]
[BlackElo "2306"]
[PlyCount "68"]
[EventDate "2019.11.27"]
[EventType "tourn"]
[EventRounds "9"]
[EventCountry "USA"]
[EventCategory "4"]
[SourceTitle "CBM 193 Extra"]
[Source "ChessBase"]
[SourceDate "2020.01.31"]
[SourceVersion "1"]
[SourceVersionDate "2020.01.31"]
[SourceQuality "1"]

1. e4 c5 2. Nf3 Nc6 3. d4 cxd4 4. Nxd4 e6 5. Nc3 Qc7 6. f4 a6 7. Nxc6 Qxc6 8. Bd3 b5 9. Qe2 Bb7 10. Bd2 Bc5 11. 0-0-0 Ne7 12. a3 0-0 13. Rhf1 f5 14. g4 d5 15. exf5 exf5 16. Rde1 Rae8 17. Na2 d4 18. Qd1 Qd7 19. Rg1 fxg4 20. Rxg4 Nf5 21. Rg5 Rxe1 22. Qxe1 Re8 23. Qg1 Be4 24. Nb4 Bxb4 25. axb4 Bxd3 26. cxd3 Qe6 27. Kb1 Qe2 28. Qg2 Qxd3+ 29. Ka1 Rd8 30. Qc6 Qxd2 31. Rxf5 Qe1+ 32. Ka2 d3 33. Re5 Qxe5 34. fxe5 d2 0-1

[Event "Pan American-ch U18"]
[Site "Guayaquil"]
[Date "2019.07.26"]
[Round "8"]
[White "Benitez Galeano, Alejandro"]
[Black "Shen, Christopher Y"]
[Result "0-1"]
[WhiteElo "2136"]
[BlackElo "2283"]
[PlyCount "78"]
[EventDate "2019.07.21"]
[EventType "swiss"]
[EventRounds "9"]
[EventCountry "ECU"]
[SourceTitle "EXT 2020"]
[Source "ChessBase"]
[SourceDate "2019.10.17"]
[SourceVersion "1"]
[SourceVersionDate "2019.10.17"]
[SourceQuality "1"]

1. c4 Nf6 2. Nc3 g6 3. g3 Bg7 4. Bg2 0-0 5. e4 d6 6. Nge2 c5 7. d3 Nc6 8. 0-0 a6 9. a4 Rb8 10. h3 Ne8 11. Be3 b5 12. axb5 axb5 13. Nxb5 Nc7 14. Nec3 Nxb5 15. Nxb5 Bxb2 16. Rb1 Bg7 17. f4 Bd7 18. g4 Nb4 19. d4 Bxb5 20. cxb5 Rxb5 21. dxc5 dxc5 22. e5 Qxd1 23. Rfxd1 g5 24. Rd7 gxf4 25. Bxf4 e6 26. Rc1 Rc8 27. Rcd1 Bf8 28. Bb7 Rb8 29. Be4 c4 30. Rd8 c3 31. Rxb8 Rxb8 32. Rc1 Na2 33. Rc2 Rb4 34. Rxa2 Rxe4 35. Bg3 Re3 36. Kg2 Rd3 37. Bf4 Kg7 38. Rc2 Bb4 39. Bc1 Rd2+ 0-1

[Event "Pan American-ch U18"]
[Site "Guayaquil"]
[Date "2019.07.24"]
[Round "6"]
[White "Shen, Christopher Y"]
[Black "Miyasaka, Marcus M"]
[Result "1-0"]
[WhiteElo "2283"]
[BlackElo "2132"]
[PlyCount "111"]
[EventDate "2019.07.21"]
[EventType "swiss"]
[EventRounds "9"]
[EventCountry "ECU"]
[SourceTitle "EXT 2020"]
[Source "ChessBase"]
[SourceDate "2019.10.17"]
[SourceVersion "1"]
[SourceVersionDate "2019.10.17"]
[SourceQuality "1"]

1. c4 Nf6 2. g3 e6 3. Nf3 d5 4. Bg2 dxc4 5. Qa4+ Bd7 6. Qxc4 c5 7. Ne5 Qc7 8. Nxd7 Qxd7 9. Nc3 Nc6 10. 0-0 Rc8 11. Qa4 a6 12. d3 Be7 13. Be3 0-0 14. Rac1 Rfd8 15. Rfd1 Qc7 16. a3 Qe5 17. h3 h6 18. Bf4 Qd4 19. Qxd4 cxd4 20. Na4 Nd7 21. b4 e5 22. Bd2 Rc7 23. Rc2 Rdc8 24. Rdc1 Bd6 25. f4 exf4 26. Bxf4 Bxf4 27. gxf4 Kf8 28. Kf2 Ke7 29. Rc4 Kd8 30. Nc5 Nxc5 31. Rxc5 Ne7 32. R1c4 Rxc5 33. Rxc5 Rc7 34. Rc4 Rd7 35. e3 dxe3+ 36. Kxe3 f5 37. Bf3 Nd5+ 38. Kd2 Ke7 39. Bxd5 Rxd5 40. h4 Rd7 41. Ke3 Kf6 42. Rc8 Re7+ 43. Kd4 Rd7+ 44. Kc4 g5 45. hxg5+ hxg5 46. Rf8+ Kg6 47. fxg5 Kxg5 48. d4 Kf4 49. d5 b6 50. Kd4 Rc7 51. d6 Rc1 52. Kd5 Rc3 53. d7 Rxa3 54. d8Q Rd3+ 55. Kc6 Rxd8 56. Rxd8 1-0

[Event "New York Int op 12th"]
[Site "New York"]
[Date "2019.07.11"]
[Round "2"]
[White "Ostrovskiy, Aleksandr A"]
[Black "Shen, Christopher Y"]
[Result "1/2-1/2"]
[WhiteElo "2453"]
[BlackElo "2283"]
[PlyCount "58"]
[EventDate "2019.07.10"]
[EventType "swiss"]
[EventRounds "9"]
[EventCountry "USA"]
[SourceTitle "CBM 191 Extra"]
[Source "ChessBase"]
[SourceDate "2019.09.30"]
[SourceVersion "1"]
[SourceVersionDate "2019.09.30"]
[SourceQuality "1"]

1. e4 c5 2. Nf3 e6 3. d4 cxd4 4. Nxd4 a6 5. c4 Nf6 6. Nc3 Qc7 7. Be2 Bb4 8. Nc2 Bxc3+ 9. bxc3 d6 10. f3 Nbd7 11. 0-0 0-0 12. Bg5 Qc5+ 13. Be3 Qc7 14. Qd2 Ne5 15. Qd4 Bd7 16. Bg5 Ba4 17. Ne3 Nc6 18. Qd2 Nd7 19. Rab1 Nc5 20. h4 h6 21. Bf4 Ne5 22. h5 Rad8 23. g4 Qe7 24. Rf2 Bc6 25. Rbf1 f6 26. Rd1 Ba4 27. Rb1 Bc6 28. Rd1 Ba4 29. Rb1 Bc6 1/2-1/2

[Event "USA-ch High School K12"]
[Site "Schaumburg"]
[Date "2019.03.17"]
[Round "7"]
[White "Turgut, Aydin"]
[Black "Shen, Christopher Y"]
[Result "1-0"]
[WhiteElo "2195"]
[BlackElo "2271"]
[PlyCount "181"]
[EventDate "2019.03.15"]
[EventType "swiss"]
[EventRounds "7"]
[EventCountry "USA"]
[SourceTitle "CBM 189 Extra"]
[Source "ChessBase"]
[SourceDate "2019.06.03"]
[SourceVersion "1"]
[SourceVersionDate "2019.06.03"]
[SourceQuality "1"]

1. e4 e6 2. d4 d5 3. Nc3 Bb4 4. e5 c5 5. a3 Bxc3+ 6. bxc3 Ne7 7. h4 Nbc6 8. Nf3 Qa5 9. Qd2 Bd7 10. Rb1 cxd4 11. cxd4 Qxd2+ 12. Bxd2 Nf5 13. Bc3 b6 14. g4 Nfe7 15. h5 h6 16. Bd3 f6 17. Ke2 Kf7 18. Rhg1 Rac8 19. Bd2 Nd8 20. Nh4 Ba4 21. c3 fxe5 22. dxe5 Nb7 23. g5 Nc5 24. Ng6 Rhg8 25. gxh6 gxh6 26. Nxe7 Kxe7 27. Bxh6 Nxd3 28. Kxd3 Kf7 29. Bg5 Kg7 30. Rg4 Bd7 31. Rbg1 Kh7 32. f3 Bb5+ 33. Kd2 Rc7 34. Bf6 Rgc8 35. Rg7+ Rxg7 36. Rxg7+ Kh6 37. Rxa7 Kxh5 38. Rb7 Rc6 39. Bd8 Bc4 40. Bxb6 Kg5 41. Be3+ Kg6 42. Ra7 Rc8 43. Bd4 Rb8 44. Ke3 Rb2 45. Kf4 Bd3 46. c4 Re2 47. cxd5 exd5 48. Rd7 Bc4 49. Rd6+ Kf7 50. Kf5 Bd3+ 51. Kg5 Bc4 52. Rb6 Rg2+ 53. Kf5 Bd3+ 54. Kf4 Re2 55. Rf6+ Ke7 56. Bc5+ Kd7 57. Rd6+ Kc7 58. Rxd5 Bc4 59. Rd6 Re1 60. Kf5 Bb3 61. e6 Rf1 62. e7 Ba4 63. f4 Re1 64. Re6 Rc1 65. Bd6+ Kc8 66. e8Q+ Bxe8 67. Rxe8+ Kd7 68. Re5 Kxd6 69. a4 Ra1 70. a5 Ra4 71. Rb5 Kc6 72. Rb6+ Kc7 73. Rb5 Kc6 74. Re5 Kd6 75. Kg5 Ra1 76. Kf6 Rh1 77. Rb5 Rh6+ 78. Kg7 Rh4 79. f5 Rg4+ 80. Kf7 Kc6 81. Rb6+ Kc7 82. Rb5 Kc6 83. Rb6+ Kc7 84. f6 Rg5 85. Rb3 Rxa5 86. Rd3 Ra1 87. Kf8 Rf1 88. f7 Kc8 89. Rd5 Kc7 90. Kg7 Rg1+ 91. Kf6 1-0